Most Well-Known Countries By Continent Quiz Stats

 Plays Quiz Updated Sep 15, 2017

Challenge
Share
Tweet
Embed
Score 0/30 Timer 04:00
7 Plays Today
Continent Answer % Correct
AsiaChina
98%
North AmericaUnited States of America
98%
North AmericaCanada
97.3%
North AmericaMexico
96.4%
EuropeFrance
96.3%
South AmericaBrazil
96.3%
EuropeUnited Kingdom
95.2%
AfricaSouth Africa
94.8%
OceaniaAustralia
94%
EuropeRussia
93.4%
AsiaRussia
93.4%
AfricaEgypt
92.4%
AsiaJapan
91.9%
South AmericaArgentina
91.9%
EuropeSpain
91.3%
Continent Answer % Correct
OceaniaNew Zealand
91%
South AmericaChile
89.3%
EuropeItaly
88.4%
AsiaIndia
87.2%
South AmericaPeru
82.9%
North AmericaCuba
76.4%
AfricaNiger
66.7%
OceaniaFiji
64.7%
South AmericaParaguay
64.2%
North AmericaPanama
63%
AfricaMorocco
62.1%
AsiaIraq
55%
AfricaMadagascar
47.7%
OceaniaPapua New Guinea
46.7%
OceaniaSamoa
45.1%

You're not logged in!

Compare scores with friends on all Sporcle quizzes.
OR
Log In

You Might Also Like...

Show Comments

Extras

Top Quizzes Today


Score Distribution

Your Account Isn't Verified!

In order to create a playlist on Sporcle, you need to verify the email address you used during registration. Go to your Sporcle Settings to finish the process.

Report this User

Report this user for behavior that violates our Community Guidelines.

Details: